ბათუმის შოთა რუსთაველის სახელმწიფო უნივერსიტეტის ბიბლიოთეკა

Декоративные травянистые растения дикорастущей флоры Кавказа (ბიბ.ჩანაწერი № 45664)

000 -LEADER
fixed length control field 00899nam a2200229Ia 4500
001 - CONTROL NUMBER
control field 12490
003 - CONTROL NUMBER IDENTIFIER
control field GE_BSU
008 - FIXED-LENGTH DATA ELEMENTS--GENERAL INFORMATION
fixed length control field 181216s||||||||xx |||||||||||||| ||und||
040 ## - CATALOGING SOURCE
Transcribing agency GE_BSU
080 ## - UNIVERSAL DECIMAL CLASSIFICATION NUMBER
Universal Decimal Classification number 581.9
100 ## - MAIN ENTRY--PERSONAL NAME
Personal name Сердюков,Б.В.
245 ## - TITLE STATEMENT
Title Декоративные травянистые растения дикорастущей флоры Кавказа
245 ## - TITLE STATEMENT
Remainder of title კავკასიის ველური ფლორის დეკორატიული ბალახოვანი მცენარეები
245 ## - TITLE STATEMENT
Statement of responsibility, etc. Ред.Г.А.Джакели
260 ## - PUBLICATION, DISTRIBUTION, ETC.
Place of publication, distribution, etc. Тбилиси
260 ## - PUBLICATION, DISTRIBUTION, ETC.
Name of publisher, distributor, etc. Мецниереба
260 ## - PUBLICATION, DISTRIBUTION, ETC.
Date of publication, distribution, etc. 1972
300 ## - PHYSICAL DESCRIPTION
Extent 210стр.22см.Рис.42.
300 ## - PHYSICAL DESCRIPTION
Accompanying material Таблицы
653 ## - INDEX TERM--UNCONTROLLED
Uncontrolled term Декоративные травянистые растения дикорастущей флоры Кавказа
942 ## - ADDED ENTRY ELEMENTS (KOHA)
Koha item type წიგნი
ეგზემპლარები
Withdrawn status Lost status Damaged status Not for loan Date acquired Barcode Date last seen Price effective from Koha item type
        2018-12-17 20681 2018-12-17 2018-12-17 წიგნი